| 000 | 03597cam a22006014i 4500 | ||
|---|---|---|---|
| 003 | PE-LiUPU | ||
| 005 | 20250731173449.0 | ||
| 008 | 150616s1957 ilu r 000 0 spa d | ||
| 035 | _a(Sirsi) a6248 | ||
| 035 | _a(Sirsi) a6248 | ||
| 040 |
_aPE-LiUPU _bspa _cPE-LiUPU _erda |
||
| 049 | _aPRUA | ||
| 082 | 0 | 4 |
_a487.42303d _bA75 _221 |
| 100 | 1 |
_aArndt, William, _d1880-1957, _eautor. |
|
| 245 | 1 | 2 | _aA greek - English Lexicon of the Testament and Other Early Christian Literature. |
| 264 | 1 |
_aChicago : _bThe University of Chicago Press, _c1957. |
|
| 300 |
_a909 páginas ; _c26 centímetros |
||
| 336 |
_atext _2rdacontent |
||
| 337 |
_aunmediated _2rdamedia |
||
| 338 |
_avolume _2rdacarrier |
||
| 505 | 0 | _aLéxico: Alfa -- OmegaDicionarios. | |
| 526 | _aSEG42 | ||
| 526 | _aSEG41 | ||
| 526 | _aSEG40 | ||
| 526 | _aSEG39 | ||
| 526 | _aP94 | ||
| 526 | _aP87 | ||
| 526 | _aP86 | ||
| 526 | _aP85 | ||
| 526 | _aP77 | ||
| 526 | _aP76 | ||
| 526 | _aP35 | ||
| 650 | 0 | 4 |
_aGriego bíblico _vDiccionarios. _91343 |
| 910 |
_ajck _bjvq _cjck |
||
| 942 |
_2ddc _cBOOK |
||
| 949 |
_aRC 487.42303D A75 _wDEWEY _c1 _i39709 _lRC _mBUL _r0 _sY _tBOOK _u2015-4-23 _xTEOLOGIA _PP35 _0COMPRA _o.CIRCNOTE. No olvidar cambiar la fecha de devolución!!!!!!! _o.STAFF. Colección Teología |
||
| 949 |
_aRC 487.42303D A75 _wDEWEY _c2 _i43087 _lRC _mBUL _r0 _sY _tBOOK _u2015-4-23 _xTEOLOGIA _PP35 _0COMPRA _o.CIRCNOTE. No olvidar cambiar la fecha de devolución!!!!!!! _o.STAFF. Colección Teología |
||
| 949 |
_a225.03 A75 _wDEWEY _c3 _i19718 _lCCODEBUL1 _mBUL _r0 _sY _tBOOK _u2015-4-23 _xTEOLOGIA _zUNKNOWN _0COMPRA _o.CIRCNOTE. No olvidar cambiar la fecha de devolución!!!!!!! _o.STAFF. Colección Teología |
||
| 949 |
_a225.03 A75 _wDEWEY _c4 _i22335 _lCCODEBUL1 _mBUL _r0 _sY _tBOOK _u2015-4-23 _xTEOLOGIA _zUNKNOWN _0COMPRA _o.CIRCNOTE. No olvidar cambiar la fecha de devolución!!!!!!! _o.STAFF. Colección Teología |
||
| 949 |
_a225.03 A75 _wDEWEY _c5 _i23650 _lCCODEBUL1 _mBUL _r0 _sY _tBOOK _u2015-4-23 _xTEOLOGIA _zUNKNOWN _0COMPRA _o.CIRCNOTE. No olvidar cambiar la fecha de devolución!!!!!!! _o.STAFF. Colección Teología |
||
| 994 |
_aC0 _bPEPRU |
||
| 596 | _a1 | ||
| 999 |
_aRC 487.42303D A75 _wDEWEY _c57360 _i39709 _f2021-11-8 _g5 _lCCODEBUL1 _mBUL _r1 _sY _tBOOK _u2015-4-23 _xTEOLOGIA _PP35 _0COMPRA _o.CIRCNOTE. No olvidar cambiar la fecha de devolución!!!!!!! _o.STAFF. Colección General _d57360 |
||
| 999 |
_aRC 487.42303D A75 _wDEWEY _c2 _i43087 _d2017-11-14 _f2021-11-8 _g5 _lCCODEBUL1 _mBUL _q7 _r1 _sY _tBOOK _u2015-4-23 _xTEOLOGIA _PP35 _0COMPRA _o.CIRCNOTE. No olvidar cambiar la fecha de devolución!!!!!!! _o.STAFF. Colección General |
||
| 999 |
_a225.03 A75 _wDEWEY _c3 _i19718 _f2019-12-10 _g4 _lDISCARD _mBUL _r0 _sY _tBOOK _u2015-4-23 _xTEOLOGIA _zUNKNOWN _0COMPRA _o.CIRCNOTE. No olvidar cambiar la fecha de devolución!!!!!!! _o.STAFF. Colección General |
||
| 999 |
_a225.03 A75 _wDEWEY _c4 _i22335 _d2018-8-19 _f2019-12-10 _g4 _lDISCARD _mBUL _q1 _r0 _sY _tBOOK _u2015-4-23 _xTEOLOGIA _zUNKNOWN _0COMPRA _o.CIRCNOTE. No olvidar cambiar la fecha de devolución!!!!!!! _o.STAFF. Colección General |
||
| 999 |
_a225.03 A75 _wDEWEY _c5 _i23650 _d2020-1-29 _e2017-5-24 _f2021-11-11 _g5 _lCCODEBUL1 _mBUL _n3 _p25.00 _q3 _r0 _sY _tBOOK _u2015-4-23 _xTEOLOGIA _PP35 _0COMPRA _o.CIRCNOTE. No olvidar cambiar la fecha de devolución!!!!!!! _o.STAFF. Colección Teología |
||
| 980 |
_81 _gALBERTO SANCHEZ Responsable de Automatización |
||